000 00439 a2200217 4500
260 _bBuchet/Chastel
300 _a456 p.
245 _aThéâtre de l'absurde
260 _aParis
650 _aart dramatique
260 _c1977
300 _b21 cm
100 _lFr
630 _a82 - Litterature
037 _a2340
037 _a2341
650 _a8 - LITTERATURE
100 _aEsslin, Martin
999 _c36431
_d36431